000 00705nam a2200253Ia 4500
003 OSt
005 20221006144925.0
006 a|||||r|||| 00| 0
007 ta
008 221006b |||||||| |||| 00| 0 eng d
020 _c
_13.00
024 _a13,200
037 _cTextual
040 _aEASL
_cEASL
_beng
041 _2eng
_aeng
082 _aV41,41(Y48)wN5, L1
100 _aELEGANT Robert S
245 0 _aChinas red masters
_b Political biographies of the Chinese communist leaders
260 _aWestport
_bGreenwood Press
_c1971
300 _a264p.
_ccm.
490 _v CEL
942 _hV41,41(Y48)wN5, L1
_cTEXL
_2CC
999 _c1081286
_d1081286